[Event "CZE-ch Junior 2020"]
[Site "Kouty nad Desnou"]
[Date "2020.03.12"]
[Round "9.6"]
[White "Sramek, Vojtech"]
[Black "Stinka, Jakub"]
[Result "0-1"]
[WhiteElo "2181"]
[BlackElo "2263"]
[Annotator "TA"]
[PlyCount "200"]
[EventDate "2020.03.07"]
[EventType "swiss"]
[EventCountry "CZE"]
[SourceTitle "playchess.com"]
[Source "ChessBase"]
[SourceQuality "1"]

{[%evp 17,199,42,54,44,54,53,53,50,46,47,61,49,110,107,106,100,103,79,67,37,94,8,49,49,47,47,52,44,37,31,54,0,0,0,27,-30,0,0,47,50,22,50,72,89,72,72,80,80,118,116,95,54,50,33,49,51,59,53,56,-8,0,-8,-10,-8,-2,-8,-8,-19,-8,-76,6,8,8,-22,0,0,0,0,0,0,0,0,0,0,5,0,8,-8,-8,-8,-8,-8,-8,-29963,-29966,-29968,-29969,-29969,-29970,-29974,-29976,-29976,-29977,-29976,-29978,-29980,-29968,-29966,-29968,-29965,-29966,-29966,-29967,-29987,-29969,-29970,-29971,-29977,-29978,-29976,-29976,-29984,-29975,-29975,-29975,-29979,-29980,-29981,-29982,-29982,-29983,-29983,-29982,-29982,-29982,-29983,-29983,-29983,-29984,-29984,-29983,-29985,-29986,-29986,-29980,-29981,-29979,-29981,-29980,-29982,-4141,-29983,-29984,-29983,-29984,-29985,-29986,-29986,-29987,-29987,-29988,-29988,-29989,-29989,-29990,-29990,-29991,-29991,-29992,-29992,-29992,-29992,-29993,-29993,-29994,-29995,-29996,-29996,-29997,-29997,-29998,-29998,-29999,-29999]} 1. e4 c5 2. Nf3 Nc6 3. d4 cxd4 4. Nxd4 Qb6 5. Nb3 Nf6 6. Nc3 e6 7. Bd3 a6 8. Be3 Qc7 9. f4 d6 10. g4 {B33: Sicilian: Pelikan and Sveshnikov Variations.} b5 11. g5 Nd7 12. Qd2 {White is slightly better.} Bb7 13. O-O-O Be7 14. Kb1 {[#]} O-O-O $146 (14... Nc5 $14) ({Predecessor:} 14... Nc5 15. Nxc5 dxc5 16. Qf2 Nb4 17. Bf1 O-O 18. Bg2 Rfd8 19. f5 Bf8 20. g6 hxg6 21. fxg6 Rxd1+ 22. Rxd1 fxg6 {1-0 (34) Papp,G (2591)-Antoniewski,R (2521) Austria 2018}) 15. h4 Nc5 16. Rhf1 Kb8 17. Qf2 Nb4 18. Bd4 Rhg8 ({Black should play} 18... Nbxd3 $14 19. cxd3 f6) 19. Bxb5 (19. Nxc5 $16 dxc5 20. Be5) 19... Nxe4 ({Wrong is} 19... axb5 $2 20. Nxc5 Rc8 21. Qe2 $18 (21. Nxb5 Qc6 $16)) 20. Nxe4 Bxe4 21. Bd3 $1 {[%cal Rd3e4]} Bxd3 22. cxd3 Rc8 23. Rc1 Qb7 24. Qd2 (24. Rxc8+ $1 $14 Rxc8 25. Bxg7) 24... Qb5 $11 25. Rxc8+ Rxc8 26. Rc1 (26. Bxg7 $142 Nxa2 27. Kxa2 Qa4+ 28. Kb1 Qxb3 29. f5) 26... Rxc1+ (26... g6 {looks sharper.} 27. a3 Nd5 28. Na5 Rxc1+ 29. Kxc1 Bd8) 27. Nxc1 e5 28. fxe5 dxe5 29. Bc3 f6 30. gxf6 gxf6 31. Qg2 Nd5 32. Qg8+ Kb7 33. Bd2 h5 34. Qh7 Kb6 35. Qf5 a5 $1 36. Qe6+ Kb7 37. a4 Qc6 38. Qxc6+ (38. Qf7 $1 $14) 38... Kxc6 39. Bxa5 $14 {[%mdl 4096] Endgame KBN-KBN} f5 40. Be1 $1 Ne3 41. b4 Ng2 42. Bc3 f4 {[#] Strongly threatening ...f3.} 43. b5+ (43. Nb3 $11) 43... Kb7 (43... Kd5 $17 44. Nb3 f3) 44. Bxe5 $11 f3 45. Bd4 Bxh4 {aiming for ...f2.} 46. Nb3 Be1 47. Nc5+ Ka8 48. b6 {Intending Be5 and mate.} Bg3 {Hoping for ...f2.} 49. Ne4 h4 50. a5 Kb7 51. Kb2 {And now Kb3 would win.} Bf4 {Threatens to win with ...Ne3.} 52. Nf2 Bd2 53. Nh3 Bxa5 54. Ng5 Ne1 55. Bg1 $2 {[%mdl 8192] [#] Loses the game.} (55. Nh3 $11) 55... Nxd3+ 56. Kb3 f2 57. Bxf2 Nxf2 58. Kc4 Bxb6 59. Kd5 Bd8 60. Nf3 h3 61. Kd4 Bb6+ 62. Ke5 Kc6 63. Kf4 Bc7+ 64. Ke3 Ng4+ 65. Ke2 h2 66. Nxh2 Nxh2 67. Kd3 Kd5 68. Ke3 Be5 69. Kd3 Nf3 70. Ke3 Ng5 {[%cal Bf3g5,Bg5e6,Be6d4,Bd4e2,Be2c3,Bc3e4,Be4f2][%mdl 32]} 71. Kd3 Bd4 72. Ke2 Ke4 73. Kd2 Ne6 74. Ke2 Be3 75. Kf1 Kf3 76. Ke1 Nd4 77. Kf1 Ne2 78. Ke1 Nc3 79. Kf1 Ne4 80. Ke1 Nf2 81. Kf1 Bd2 82. Kg1 Bf4 83. Kf1 Bh2 84. Ke1 Ne4 {Black mates.} 85. Kd1 Be5 86. Kc2 Nc5 87. Kd2 Kf2 88. Kd1 Bc3 89. Kc2 Bb4 90. Kd1 Ke3 91. Kc2 Ke2 92. Kc1 Kd3 93. Kd1 Ne4 94. Kc1 Bd2+ 95. Kb2 Nc5 96. Ka3 Kc2 97. Ka2 Bc1 98. Ka1 Ne4 99. Ka2 Nc3+ 100. Ka1 Bb2# {Accuracy: White = 70%, Black = 78%.} 0-1

[Event "CZE-ch Junior 2020"]
[Site "Kouty nad Desnou"]
[Date "2020.03.13"]
[Round "10.1"]
[White "Brejnik, Gustav"]
[Black "Stinka, Jakub"]
[Result "0-1"]
[WhiteElo "2259"]
[BlackElo "2263"]
[Annotator "TA"]
[PlyCount "56"]
[EventDate "2020.03.07"]
[EventType "swiss"]
[EventCountry "CZE"]
[SourceTitle "playchess.com"]
[Source "ChessBase"]
[SourceQuality "1"]

{[%evp 13,56,0,8,19,19,12,25,31,20,14,76,55,69,79,73,78,77,83,78,20,16,-31,-31,-238,-214,-309,-301,-292,-298,-281,-285,-466,-472,-483,-477,-520,-491,-584,-519,-627,-526,-592,-588,-6253,-6116]} 1. d4 Nf6 2. c4 e6 3. Nf3 d5 4. Nc3 Be7 5. g3 O-O 6. Bg2 dxc4 7. Ne5 Nc6 8. Bxc6 {E06: Closed Catalan: Early deviations.} bxc6 9. Nxc6 Qe8 10. Nxe7+ {White has an edge.} Qxe7 11. Qa4 e5 (11... c5 $11 12. dxc5 Qxc5) 12. Qxc4 Rb8 {[#]} 13. dxe5 $146 ({Predecessor:} 13. Qc5 Qe6 14. dxe5 Nd7 15. Qxa7 Nxe5 16. O-O Qc6 17. Qa4 Qe6 18. Rb1 Ba6 19. Be3 {1-0 (31) Scarella,E (2330)-Toloza Soto,P (2395) Santiago de Chile 1996}) 13... Qxe5 14. Bf4 Qh5 15. O-O-O ({Reject} 15. Qxc7 Rxb2 16. Qe5 (16. Qxa7 Bb7 $15) 16... Qh3 $11) 15... Be6 16. Qd4 (16. Qc6 $16) 16... Qa5 $11 17. Kb1 Rb4 $40 {[%cal Bb8b4,Bb4c4,Bc4c7,Bc7c3][%mdl 160] White needs to defend precisely.} 18. Bxc7 $2 {Now White is beyond hope.} ({Only move:} 18. Qe5 $1 $15 c5 19. Qe3) 18... Qa3 $1 $19 {[%csl Gb4][%cal Ra3b2]} 19. Qd2 {[#]} (19. Qxb4 {was called for.} Qxb4 20. Bd6) 19... Ne4 $1 {[%cal Re4c3][%mdl 576] ( -> ...Nxc3+). Double Attack} 20. Ka1 Qa6 21. Qd3 Rc4 $1 22. Rhf1 $2 (22. Nxe4 $2 {is a self mate.} Rc1+ $1 {[%mdl 512]} 23. Rxc1 Qxa2#) (22. Bf4 {was worth a try.} Nxf2 {[%mdl 64] Double Attack} 23. Qb1) 22... Nxc3 {Black is clearly winning.} 23. bxc3 {[#]} Qa4 $1 {Hoping for ...Rxc3!} 24. Rd2 Rxc7 25. Rb1 h6 26. f4 Qa5 27. Rb4 Rfc8 28. Rc2 {[#]} Rxc3 $1 {[%mdl 512] Accuracy: White = 37%, Black = 91%.} 0-1

[Event "CZE-ch Junior 2020"]
[Site "Kouty nad Desnou"]
[Date "2020.03.13"]
[Round "10.2"]
[White "Finek, Vaclav"]
[Black "Skalsky, Alexandr"]
[Result "1/2-1/2"]
[WhiteElo "2211"]
[BlackElo "2201"]
[Annotator "TA"]
[PlyCount "100"]
[EventDate "2020.03.07"]
[EventType "swiss"]
[EventCountry "CZE"]
[SourceTitle "playchess.com"]
[Source "ChessBase"]
[SourceQuality "1"]

{[%evp 13,100,-33,-27,-34,-28,-29,-32,-35,-31,-26,-1,-19,0,0,0,-1,19,35,43,42,51,8,22,8,28,28,28,23,24,24,23,24,40,39,37,17,22,13,19,19,25,11,8,11,16,15,15,14,14,16,16,14,18,11,14,9,9,8,8,8,12,8,13,12,12,12,18,11,11,11,11,11,18,18,19,8,30,30,30,30,30,29,30,30,30,30,30,30,30]} 1. d4 g6 2. Nf3 Bg7 3. c4 c5 4. e3 Nf6 5. g3 O-O 6. Bg2 cxd4 7. exd4 d5 8. cxd5 {E60: King's Indian: Unusual lines and Fianchetto Variation without Nc3.} Nxd5 9. O-O Nc6 10. Nc3 {Black is slightly better.} Bg4 11. h3 Bxf3 (11... Be6 {looks sharper.} 12. Ng5 Nxc3 13. bxc3 Bd5 14. Re1 Rc8) 12. Bxf3 e6 13. Nxd5 exd5 14. Be3 {[#]} Qd7 $146 ({Predecessor:} 14... Qb6 15. Bxd5 Nxd4 16. Bxd4 Bxd4 17. Qf3 Rad8 18. Rad1 Rd6 19. Rd2 Rf6 20. Qe4 Bc5 21. a3 Bd6 22. Kg2 Qb5 23. Rfd1 Re8 24. Qd4 Be5 25. Qc4 Qxc4 26. Bxc4 {½-½ (26) Ferraro,O-Ochoa,M (1911) Buenos Aires 2004}) 15. Kg2 h5 16. Rc1 Ne7 17. Bf4 Rac8 18. Qd3 Rc6 19. Rxc6 Nxc6 20. Be3 Ne7 21. Rc1 b6 22. Qb3 Nf5 23. Qxd5 Qe7 24. Bf4 Rd8 25. Qb7 Qxb7 26. Bxb7 Nxd4 27. Rc8 Rxc8 28. Bxc8 $11 {[%mdl 4096] Endgame KBB-KBN} Ne2 29. Bb8 {Ba6 is the strong threat.} Bxb2 30. Bxa7 Nc3 31. Bxb6 {Strongly threatening Bd4.} Nxa2 32. Bb7 Nc3 33. Bc6 Ne2 34. Bd7 Nd4 35. f4 Ne6 36. Kf3 Nf8 37. Bc8 Bc3 38. g4 hxg4+ 39. hxg4 Ne6 40. Ke4 Bd2 41. f5 gxf5+ 42. gxf5 Ng7 43. Bd4 Bh6 44. Kd5 Nxf5 45. Bxf5 {White has an edge.} Bg7 46. Bc5 Kh8 47. Bd6 Ba1 48. Bf8 Bb2 49. Kc6 $1 Ba1 50. Kd7 Bb2 {Accuracy: White = 97%, Black = 97%.} 1/2-1/2

[Event "CZE-ch Junior 2020"]
[Site "Kouty nad Desnou"]
[Date "2020.03.13"]
[Round "10.3"]
[White "Riha, Vojtech"]
[Black "Sprenar, Petr"]
[Result "1/2-1/2"]
[WhiteElo "2306"]
[BlackElo "2302"]
[Annotator "TA"]
[PlyCount "60"]
[EventDate "2020.03.07"]
[EventType "swiss"]
[EventCountry "CZE"]
[SourceTitle "playchess.com"]
[Source "ChessBase"]
[SourceQuality "1"]

{[%evp 11,60,29,10,-28,0,0,0,-2,-5,-4,-11,-10,0,0,0,-26,-22,-9,-12,-20,-9,-9,0,0,0,0,7,0,28,0,0,0,0,0,0,0,0,0,0,0,0,0,0,0,0,0,0,0,0,0,0]} 1. e4 c5 2. Ne2 Nc6 3. Nbc3 e6 4. g3 d5 5. exd5 exd5 6. d4 Bg4 7. Qd2 {B23: Closed Sicilian: Lines without g3.} cxd4 8. Nxd4 Bc5 9. Nxc6 bxc6 {[#]} 10. Be2 $146 ({Predecessor:} 10. Bg2 Qe7+ 11. Kf1 Nf6 12. h3 Bf5 13. Kg1 O-O 14. Kh2 Rfe8 15. Rf1 Rad8 16. Na4 {0-1 (43) Polster,W (2225)-Zeitlein,M (2425) Wiesbaden 1996}) 10... Nf6 11. Bxg4 Nxg4 12. Qe2+ Qe7 13. O-O Qxe2 14. Nxe2 O-O-O 15. Bd2 Rhe8 16. Rae1 Rd7 {Threatens to win with ...Rde7.} 17. Kg2 Rde7 18. Nf4 Ne5 19. b3 Kd7 20. Rxe5 {[%mdl 64] [#] Remove Defender, Decoy} Rxe5 {The position is equal.} 21. Nd3 {[%mdl 64] Double Attack} Bd6 {And now ...Re2 would win.} 22. Nxe5+ Rxe5 $11 {[%mdl 4096] Endgame KRB-KRB} 23. Kf3 g6 24. h3 (24. Rd1 {with more complications.} h5 25. h4 Ke6 26. c3 c5 27. Be3) 24... a6 25. Re1 Rxe1 26. Bxe1 Ke6 27. g4 h5 28. gxh5 gxh5 29. Bd2 Kf5 30. Be3 Be5 {An uneventful encounter. Accuracy: White = 88%, Black = 88%.} 1/2-1/2

[Event "CZE-ch Junior 2020"]
[Site "Kouty nad Desnou"]
[Date "2020.03.13"]
[Round "10.4"]
[White "Bulockin, Martin"]
[Black "Mica, Marek"]
[Result "0-1"]
[WhiteElo "2218"]
[BlackElo "2306"]
[Annotator "TA"]
[PlyCount "64"]
[EventDate "2020.03.07"]
[EventType "swiss"]
[EventCountry "CZE"]
[SourceTitle "playchess.com"]
[Source "ChessBase"]
[SourceQuality "1"]

{[%evp 9,63,10,27,14,28,3,47,28,40,28,35,30,72,77,67,51,62,54,56,58,69,56,68,38,38,35,36,31,31,33,32,11,16,12,12,12,9,8,30,13,31,10,19,16,14,12,17,0,9,0,38,54,40,0,0,-29999]} 1. e4 c6 2. Nf3 d5 3. d3 dxe4 4. dxe4 Qxd1+ 5. Kxd1 Bg4 6. Nbd2 {B10: Caro-Kann: 2 d3 and 2 c4.} Nd7 7. Be2 f6 8. Ne1 {White is slightly better.} Bxe2+ 9. Kxe2 e5 10. Nd3 Nc5 11. Nxc5 Bxc5 12. a4 {[%cal Ba2a4,Ba4a5][%mdl 32]} Ne7 13. Nb3 Bd6 14. Be3 {[#]} Kf7 $146 ({Predecessor:} 14... Kd7 15. a5 Kc7 16. Rhd1 Ng6 17. g3 Rhd8 18. Rd3 Nf8 19. f4 exf4 20. gxf4 Ne6 {1-0 (34) Zilka,S (2536)-Bernasek,J (2490) Slovakia 2019}) 15. a5 Rhd8 16. Ra4 Ng6 17. g3 Nf8 18. Rc4 a6 19. Bb6 Rd7 20. Rc3 (20. Ra4 {looks sharper.} Ne6 21. Rd1 Re8 22. h4 Ree7 23. Raa1) 20... Be7 21. Rd3 Rxd3 22. Kxd3 Nd7 23. Be3 c5 24. Kc3 Rc8 25. Rd1 Ke6 26. Nd2 Nb8 27. Nc4 $36 {[%mdl 2048] White is more active.} Nc6 28. f4 g6 29. Rd5 Nb4 30. Nb6 Rc7 31. Rd2 c4 $1 {[%cal Rb4a2]} 32. Nd5 $2 {[%mdl 8192] [#]} (32. Nxc4 $11 Na2+ 33. Kb3) 32... Na2# {Accuracy: White = 87%, Black = 87%.} 0-1

[Event "CZE-ch Junior 2020"]
[Site "Kouty nad Desnou"]
[Date "2020.03.14"]
[Round "11.1"]
[White "Mica, Marek"]
[Black "Brejnik, Gustav"]
[Result "0-1"]
[WhiteElo "2306"]
[BlackElo "2259"]
[Annotator "TA"]
[PlyCount "140"]
[EventDate "2020.03.07"]
[EventType "swiss"]
[EventCountry "CZE"]
[SourceTitle "playchess.com"]
[Source "ChessBase"]
[SourceQuality "1"]

{[%evp 11,140,6,23,22,25,9,22,16,6,4,12,4,10,7,13,-20,26,0,33,25,33,12,16,14,14,14,118,18,25,6,15,20,20,9,23,0,0,0,0,-83,-35,-47,0,0,0,0,0,-95,-95,-113,-30,-279,-255,-371,-356,-591,-552,-520,-244,-226,-249,-238,-132,-132,-132,-132,-132,-132,-132,-188,-165,-329,-329,-461,-461,-461,-447,-422,-422,-394,-376,-596,-568,-29973,-29973,-29973,-29973,-29972,-29974,-29974,-29975,-29979,-29980,-29980,-29981,-29981,-29982,-29982,-29983,-29980,-29980,-29980,-29981,-29982,-29983,-29983,-29984,-29985,-29986,-29986,-29987,-29987,-29987,-29987,-29988,-29989,-29990,-29991,-29984,-29984,-29985,-29993,-29994,-29994,-29995,-29995,-29996,-29996,-29997,-29997,-29998]} 1. d4 Nf6 2. Bf4 e6 3. e3 d5 4. Nd2 c5 5. c3 Nc6 6. Ngf3 cxd4 7. exd4 {D02: 1 d4 d5 2 Nf3 sidelines, including 2...Nf6 3 g3 and 2...Nf6 3 Bf4.} Nh5 8. Be3 Bd6 9. Bd3 {The position is equal.} Nf4 10. Bxf4 Bxf4 11. g3 Bd6 12. O-O O-O 13. h4 h6 {[#]} 14. Qe2 $146 ({Predecessor:} 14. Re1 Rb8 15. a4 a6 16. Ne5 Bxe5 17. dxe5 b5 18. axb5 axb5 19. Nf3 b4 20. Bc2 bxc3 {1-0 (33) Blohberger,F (2330)-Ladva,O (2457) Tallinn 2019}) 14... a6 15. a4 Rb8 16. Ne5 Nxe5 17. dxe5 Bc5 18. Bc2 g6 (18... f6 $11) 19. Nf3 (19. h5 $16) 19... h5 $1 $11 20. Ng5 {[%cal Bf3g5,Bg5h3,Bh3f4][%mdl 32]} Be7 21. Nh3 Kg7 22. Nf4 Rh8 23. Kg2 Bd7 24. Rh1 b5 25. Rh3 (25. a5 $11 {keeps the balance.}) 25... bxa4 26. Bxa4 Bb5 27. Bxb5 Rxb5 28. Rxa6 Qb8 29. b4 (29. Ra2 $11) 29... d4 $17 {White must now prevent ...Qb7+.} 30. Qa2 {[#]} dxc3 (30... Qb7+ $1 $17 31. f3 dxc3 32. Nxe6+ (32. Ra7 Qb6 $17) 32... fxe6 33. Qxe6 (33. Ra7 $2 Ra8 $19) 33... Rxb4 34. Qxg6+ Kf8) 31. Rh1 $2 {Loses the game.} (31. Nxe6+ $1 $11 Kh6 32. Ng5) 31... Qxe5 32. Ra7 {[#]} (32. Qe2 $142) 32... Rb7 $1 $19 {[%mdl 512]} 33. Rd1 $2 (33. Ra1 Qe4+ 34. Kh2) (33. Rxb7 Qe4+) 33... Qe4+ 34. Kh2 c2 (34... Rxa7 $142 35. Qxa7 Rd8 36. Rxd8 Bxd8) 35. Rc1 Rxa7 36. Qxa7 Bxb4 (36... Bd6 $19 37. Ng2 g5) 37. Qc7 $17 Bd2 38. Rxc2 Bxf4 $1 39. gxf4 {[%mdl 4096] Endgame KQR-KQR} Ra8 $36 {[%mdl 2048] Keeping White busy.} 40. Qc3+ (40. Qc4 $17 {was necessary.} Qxc4 41. Rxc4) 40... Kg8 41. Kg3 $2 {[#]} (41. Qc4 Qf5 42. f3) 41... e5 $1 $19 {[%mdl 512]} 42. fxe5 (42. Qf3 $142 exf4+ 43. Kg2) (42. Qxe5 Qxc2) 42... Rd8 43. f3 {[#]} Rd3 $1 {[%mdl 576] ( -> ...Qxf3+). Double Attack} 44. Qc8+ {[#]} Kg7 $1 {[%mdl 512]} 45. Rf2 Qxe5+ 46. Kh3 (46. Kg2 $142) 46... Qf4 47. Qb7 Qg4+ {Black mates.} 48. Kh2 Qxh4+ {[%mdl 64] Double Attack} 49. Kg2 Rd1 50. Qb2+ Kh7 51. Qb3 Qh1+ 52. Kg3 Rg1+ 53. Kf4 Qh4+ {[%mdl 64] Double Attack} 54. Ke3 Re1+ 55. Kd3 Qxf2 56. Qxf7+ Kh6 57. Qf4+ {[#]} Kg7 $1 58. Qc7+ Kf6 59. Qf4+ Ke6 60. Qc4+ Kf5 61. Qd5+ Kf4 62. Qd6+ Kxf3 63. Qc6+ Kg3 64. Qxg6+ Kh2 65. Qxh5+ Kg2 66. Qh6 Rd1+ 67. Kc3 Qd4+ 68. Kb3 Rd3+ 69. Ka2 Qa4+ 70. Kb1 Qb3+ {Accuracy: White = 47%, Black = 74%.} 0-1

[Event "CZE-ch Junior 2020"]
[Site "Kouty nad Desnou"]
[Date "2020.03.14"]
[Round "11.2"]
[White "Sprenar, Petr"]
[Black "Bulockin, Martin"]
[Result "1/2-1/2"]
[WhiteElo "2302"]
[BlackElo "2218"]
[Annotator "TA"]
[PlyCount "102"]
[EventDate "2020.03.07"]
[EventType "swiss"]
[EventCountry "CZE"]
[SourceTitle "playchess.com"]
[Source "ChessBase"]
[SourceQuality "1"]

{[%evp 9,102,0,32,24,24,8,29,36,29,17,40,16,23,37,41,40,43,35,50,-13,79,77,86,29,30,27,29,33,42,27,34,22,43,29,45,16,13,0,28,18,20,24,28,31,28,27,37,17,31,15,40,11,18,17,20,15,47,38,74,72,97,94,93,99,117,111,138,122,132,112,114,114,146,146,264,269,254,233,396,386,384,365,4946,2616,12829,36,37,39,42,51,44,32,59,55,62]} 1. d4 Nf6 2. Bg5 Ne4 3. Bf4 d5 4. e3 c5 5. Bd3 Nf6 (5... g6 {looks sharper.} 6. c3 Bg7 7. Ne2 Nc6 8. Bxe4 dxe4 9. Nd2 f5) 6. c3 {A45: Trompowsky Attack.} Nc6 7. Nd2 e6 8. Ngf3 {White has an edge.} Bd6 $1 {8...Bd6 scores better than 8...Be7.} 9. Bg3 Qe7 10. Ne5 O-O {[#]} 11. Qe2 $146 ({Predecessor:} 11. f4 Ne8 12. Ndf3 f6 13. Nxc6 bxc6 14. Qc2 f5 15. Bh4 Nf6 16. Ne5 Qc7 17. O-O Ne4 18. b3 {1-0 (45) Neelotpal,D (2441)-Davtyan,A (2298) Abu Dhabi 2017}) 11... Nd7 12. Nxd7 Qxd7 13. dxc5 Bxc5 14. e4 (14. Nf3 $14) 14... e5 (14... f5 $11 {keeps the balance.}) 15. exd5 $16 Qxd5 16. Ne4 ({White should try} 16. Nf3 $16) 16... Be7 $1 $11 17. Bc4 Qa5 18. O-O Bf5 19. f3 Rad8 20. Rfd1 a6 21. Bf2 Qc7 22. Rxd8 Rxd8 23. Rd1 Rd7 24. Rxd7 Qxd7 25. Qd3 Qxd3 26. Bxd3 Be6 27. b3 g6 28. Kf1 Kf8 29. Ke2 Ke8 30. Kd2 Nd8 31. Nc5 Bd5 32. c4 Bc6 33. Kc3 a5 34. a3 {[%cal Ba2a3,Ba3b4,Bb4b5][%mdl 32]} f5 {[#]} 35. b4 $1 axb4+ 36. axb4 Bxc5 37. Bxc5 $16 {[%mdl 4096] Endgame KBB-KBN} ({Don't play} 37. bxc5 Kf7 $11) 37... Ne6 38. Be3 Kd8 39. b5 Bd7 40. Kb4 Kc7 41. c5 Nd8 (41... Kc8 $16 {is a better defense.} 42. Bc4 Nc7) 42. Bg5 $18 Nf7 43. Bf6 b6 $2 (43... Be6 44. b6+ Kc8) 44. Bc4 Be8 45. Bd5 e4 $2 (45... h6 46. Be7 f4) 46. fxe4 fxe4 47. Bxe4 $2 (47. cxb6+ $18 Kxb6 48. Bd4+ Kc7 49. b6+ Kd6 50. b7 Kxd5 51. b8=Q Kxd4 52. Qxe8) 47... bxc5+ $1 $14 {White is slightly better.} 48. Kxc5 {[#] Strongly threatening b6+.} Bxb5 $1 49. Bd5 Be8 50. Be6 Kb7 51. g4 Kc7 {Accuracy: White = 83%, Black = 55%.} 1/2-1/2

[Event "CZE-ch Junior 2020"]
[Site "Kouty nad Desnou"]
[Date "2020.03.14"]
[Round "11.3"]
[White "Sramek, Vojtech"]
[Black "Finek, Vaclav"]
[Result "1/2-1/2"]
[WhiteElo "2181"]
[BlackElo "2211"]
[Annotator "TA"]
[PlyCount "103"]
[EventDate "2020.03.07"]
[EventType "swiss"]
[EventCountry "CZE"]
[SourceTitle "playchess.com"]
[Source "ChessBase"]
[SourceQuality "1"]

{[%evp 10,103,30,33,47,33,44,27,53,58,59,43,52,61,78,82,91,45,40,38,50,36,42,25,33,27,29,0,0,5,20,15,55,0,0,0,0,2,7,0,6,-82,-15,-110,-19,-80,-27,-44,0,0,0,0,0,0,0,0,0,0,43,0,0,0,-6,-5,0,0,0,0,30,35,41,36,70,0,0,0,0,-12,0,0,0,0,-8,-2,0,-14,0,0,0,0,0,0,0,-1,0,0]} 1. e4 Nf6 2. e5 Nd5 3. d4 d6 4. Nf3 dxe5 5. Nxe5 c6 6. Be2 Bf5 {B04: Alekhine's Defence: 4 Nf3.} 7. O-O Nd7 8. Nf3 e6 {White has an edge.} 9. c4 N5f6 10. Nc3 Be7 11. Nh4 Bg6 12. Nxg6 hxg6 13. Bf3 Qc7 {[%csl Gh8][%cal Rc7h2]} 14. g3 Rd8 15. Qe2 O-O 16. Bf4 Bd6 17. Bg5 Rfe8 18. Rfe1 {[#]} e5 $146 ({Predecessor:} 18... Bb4 19. Bf4 Qa5 20. Rac1 e5 21. dxe5 Nxe5 22. Bxe5 Bd6 23. b4 Qxe5 24. Qxe5 Bxe5 25. Ne4 {½-½ (25) Safarli,E (2668)-Bortnyk,O (2567) Minsk 2017}) 19. d5 Bc5 20. Rad1 Bd4 21. dxc6 (21. Qc2 $14) 21... bxc6 $11 22. Ne4 a5 23. b3 Qa7 24. Nxf6+ gxf6 25. Bh6 (25. Be3 $1 $11) 25... Re6 (25... e4 $1 $17 {[%cal Re4f3]} 26. Bg2 Nc5) 26. h4 {[#]} (26. Be3 $11 {remains equal.}) 26... f5 (26... e4 $1 $17 {[%cal Re4f3]} 27. Bg2 (27. Bxe4 $2 Nc5 $19) 27... Ne5) 27. Bg5 {[#]} (27. Be3 $11) 27... Rde8 (27... Nf6 $1 $17) 28. Be3 c5 29. Bd5 Rd6 30. h5 {aiming for hxg6.} Nf6 {[%mdl 64] Double Attack} 31. hxg6 Nxd5 32. gxf7+ Qxf7 {Threatens to win with ...Nc3.} 33. cxd5 Rxd5 34. Qc4 Rd6 35. Qxf7+ Kxf7 36. Rc1 Kf6 37. Rc4 Rh8 38. Kg2 e4 39. Rd1 {[%cal Re3d4]} Rhd8 40. Bf4 R6d7 41. Ra4 (41. Rh1 $14) 41... Bc3 $1 {The position is equal.} 42. Rc1 Rd3 43. Rh1 R3d4 44. Rh6+ Kf7 45. Rc6 Rxa4 46. bxa4 {[%mdl 4096] Endgame KRB-KRB} Rd5 47. Bc7 Bb4 {next ...Rd2 is good for Black.} 48. a3 Bxa3 49. Bxa5 Rd4 50. Bb6 Rxa4 51. Bxc5 Bxc5 (51... Rc4 $5 52. Rc7+ $8 Kg6 $11) 52. Rxc5 {Accuracy: White = 78%, Black = 77%.} 1/2-1/2